000 00306nam a22001217a 4500
999 _c168889
_d168889
082 _a
_b
100 _aBrown Judith M
245 _aWindows into the past:
_blife histories and the historian of south Asia/
_cby Brown Judith M.
260 _a
_bOxford,
_c2011.
300 _a
650 _a
942 _cBK